Career choices and problems of fourth year high school students of Mariano Marcos State University Dingras extension (Record no. 9683)
[ view plain ]
| 000 -LEADER | |
|---|---|
| fixed length control field | 00606nam a22001697a 4500 |
| 003 - CONTROL NUMBER IDENTIFIER | |
| control field | OSt |
| 005 - DATE AND TIME OF LATEST TRANSACTION | |
| control field | 20171010095506.0 |
| 008 - FIXED-LENGTH DATA ELEMENTS--GENERAL INFORMATION | |
| fixed length control field | 120808t xxu||||| |||| 00| 0 eng d |
| 040 ## - CATALOGING SOURCE | |
| Original cataloging agency | MMSU |
| Transcribing agency | ULS |
| 100 ## - MAIN ENTRY--PERSONAL NAME | |
| Personal name | Parado, Beatriz T. |
| 9 (RLIN) | 11931 |
| 245 ## - TITLE STATEMENT | |
| Title | Career choices and problems of fourth year high school students of Mariano Marcos State University Dingras extension |
| Statement of responsibility, etc. | Beatriz T. Parado |
| 260 ## - PUBLICATION, DISTRIBUTION, ETC. | |
| Date of publication, distribution, etc. | 1979 |
| 300 ## - PHYSICAL DESCRIPTION | |
| Extent | xvii, 103 leaves |
| Dimensions | 28 cm. |
| 500 ## - GENERAL NOTE | |
| General note | Thesis (MA Education) -- Northern Christian College-Graduate Studies, Laoag City |
| 504 ## - BIBLIOGRAPHY, ETC. NOTE | |
| Bibliography, etc. note | Bibliography: leaves 77-79 |
| 942 ## - ADDED ENTRY ELEMENTS (KOHA) | |
| Source of classification or shelving scheme | |
| Koha item type | Thesis/Dissertation |
| Withdrawn status | Lost status | Source of classification or shelving scheme | Damaged status | Not for loan | Home library | Current library | Date acquired | Total Checkouts | Barcode | Date last seen | Price effective from | Koha item type | Public note |
|---|---|---|---|---|---|---|---|---|---|---|---|---|---|
| REF | REF | 08/08/2012 | 65-Gr | 10/10/2017 | 10/10/2017 | Thesis/Dissertation | Library Use only |